História turistiky a lyžovania v Roháčoch

Bibliographic Details
Main Author: Mikláš, Milan (Author)
Format: Article
Language:Slovak
Subjects:

MARC

LEADER 00000nab a2200000 a 4500
001 vtls000158156
003 SK-MaSNL
005 20260304173434.0
008 250423c1983 xo 0 slo
015 |a SNBRB19rr/mm-uuuuu 
035 |a CL0168265 
035 |a urn:nbn:sk:snk-ab2vgw 
035 |a (urnnbn)urn:nbn:sk:snk:ar-a03010 
035 |a (uuid)0aa5cbae-107c-4a01-81b9-2dab5f501602 
040 |a SNKBUCL  |b slo  |c SNKBUCL  |e AACR2 
041 0 |a slo 
044 |a xo  |c SK 
080 |a 796.51(234.372.4)  |2 1981 
080 |a 796.92  |2 1981 
080 |a 911.2(23.0)  |2 2011 
100 1 |a Mikláš, Milan  |4 aut  |9 413318 
245 1 0 |a História turistiky a lyžovania v Roháčoch  |c Milan Mikláš 
300 |b Obr. 4. 
650 0 7 |a turistika  |2 snkbucl  |9 683 
650 0 7 |a lyžovanie  |2 snkbucl  |9 3256 
650 0 7 |a hory  |2 SNKPH  |9 55651 
651 7 |a Roháče (Západné Tatry, Slovensko : pohorie)  |2 SNKPH  |9 74675 
655 7 |a články z novín a časopisov  |2 snkbucl  |9 267496 
773 0 |t Krásy Slovenska  |g Roč. 60, č. 5 (1983), s. 6-8 
850 |a Slovenská národná knižnica 
852 |a Slovenská národná knižnica 
954 |a odborná, vedecká literatúra pôvodná (slovenská)  |2 lita 
958 |a article27 
958 |a OND 
958 |a RK 
958 |a EUIPO 
992 |a RBX 
999 |c 3003302  |d 3005232